| 000 | 00458nam a2200169Ia 4500 | ||
|---|---|---|---|
| 003 | OSt | ||
| 005 | 20201230122044.0 | ||
| 008 | 190216s9999||||xx |||||||||||||| ||und|| | ||
| 040 | _coclc | ||
| 082 |
_a297.5 _bAGH/I |
||
| 100 |
_aAl - Ghazali _92196 |
||
| 245 | 0 |
_aIhya Uloomidheen / _cAl - Ghazali |
|
| 260 |
_bAmina Book Stall, _c1981. _aThrissur: |
||
| 300 | _a248p | ||
| 650 | _aArabic | ||
| 942 |
_cBK _2ddc _h297.5 _iALG/I _k297.5 _mALG/I |
||
| 999 |
_c485 _d485 |
||